000 00454nam a2200157Ia 4500
005 20250411042600.0
008 240331s9999 xx 000 0 und d
020 _a9559060457
082 _bPIL
_a891
100 _aPilyar,Y
245 0 _aYuda sira kandawurakadee maranaya jayagath minissu :
_bit all reality happened
260 _aColombo
_bPahan Publication
_c2001
300 _a292 p .,
500 _aStory of People who survive in war zone
942 _cL
999 _c5343
_d5343